LEADER 02360nas a2200433 a 4500
001 c000151926
003 CARM
005 20020205155221.0
008 800415d19551961rm ar p 0 b0rum d
010 |a 91656113 
019 1 |a 8469540  |5 LACONCORD2021 
022 |a 0448-9071 
035 |a (OCoLC)6206691  |5 LACONCORD2021 
041 0 |a rumfre  |b rus 
042 |a lc 
043 |a e-rm--- 
050 0 0 |a QH7  |b .J37 
210 0 |a An. stiint. Univ. "Al. I. Cuza" Iasi, Sect. 2 
222 0 |a Analele stiintifice ale Universitatii "Al. I. Cuza" din Iasi. Sectiunea 2: Stiinte naturale 
245 0 0 |a Analele stiintifice ale Universitatii "Al. I. Cuza" din Iasi.  |n Serie noua.  |n Sectiunea II,  |p Stiinte naturale. 
246 1 0 |a Stiinte naturale 
260 |a Jassy :  |b Universitatea,  |c [1955-1961] 
300 |a 7 v. :  |b ill., maps ;  |c 25 cm. 
310 |a Annual 
362 0 |a Tomul 1, fasc. 1-2 (anul 1955)-t. 7 (anul 1961). 
500 |a Vol. 2, fasc. 2-v. 3 have title: Analele stiintifice ale Universitatii "Al. I. Cuza" din Iasi. Serie noua. Sectiunea II, Stiinte naturale-geografie. 
546 |a Romanian and French, with summaries in Russian. 
580 |a Split into: Analele stiintifice ale Universitatii "Al. I. Cuza" din Iasi. Serie noua. Sectiunea II. Stiinte naturale A, Biologie, and: Analele stiintifice ale Universitatii "Al. I. Cuza" din Iasi. Serie noua. Sectiunea II. Stiinte naturale B, Geologie-geografie. 
650 0 |a Natural history  |x Periodicals. 
650 0 |a Natural History  |z Romania  |x Periodicals. 
710 2 0 |a Universitatea "Al. I. Cuza" din Iasi. 
780 0 0 |t Annales scientifiques de l'Universite de Jassy. 2me. ptie., Sciences naturelles x 0448-9098  |w (OCoLC)6192804 
785 1 6 |t Analele stiintifice ale Universitatii "Al. I. Cuza" din Iasi. Serie noua. Sectiunea II. Stiinte naturale A, Biologie  |x 0041-9133  |w (OCoLC)6208987  |w (DLC) 91656114 
785 1 6 |t Analele stiintifice ale Universitatii "Al. I. Cuza" din Iasi. Serie noua. Sectiunea II. Stiinte naturale B, Geologie-geografie  |x 0379-7902  |w (DLC) 91656115  |w (OCoLC)11009614 
852 8 |b CARM  |h A2:AK17E0  |i C03548  |p 0196002  |f SE 
866 0 |a 6(1960) 
866 0 |a 6(1960) 
999 f f |i f3256e17-1cc4-5168-86ce-1b4b2f3dde68  |s 470e25d1-eb37-5632-8558-c7374b8a9f3a 
952 f f |p Can circulate  |a CAVAL  |b CAVAL  |c CAVAL  |d CARM 1 Store  |e C03548  |f A2:AK17E0  |h Other scheme  |i book  |k  6(1960)  |m 0196002